<?xml version="1.0" encoding="UTF-8"?>
<collection xmlns="http://www.loc.gov/MARC21/slim">
<record>
  <controlfield tag="001">7431</controlfield>
  <controlfield tag="005">20250124115317.0</controlfield>
  <datafield tag="024" ind1="7" ind2=" ">
    <subfield code="a">10.1017/S1743921322002848</subfield>
    <subfield code="2">DOI</subfield>
  </datafield>
  <datafield tag="037" ind1=" " ind2=" ">
    <subfield code="a">SCART-2025-0074</subfield>
  </datafield>
  <datafield tag="100" ind1=" " ind2=" ">
    <subfield code="a">Mahy, L.</subfield>
  </datafield>
  <datafield tag="245" ind1=" " ind2=" ">
    <subfield code="a">Multiplicity of Galactic Luminous Blue Variable stars</subfield>
  </datafield>
  <datafield tag="260" ind1=" " ind2=" ">
    <subfield code="c">2024</subfield>
  </datafield>
  <datafield tag="520" ind1=" " ind2=" ">
    <subfield code="a">Luminous Blue Variable stars (LBVs) are rare and enigmatic. Often cited as evolu- tionary stages in the single-star evolution, the idea that binary evolution produces the LBV state was already considered, 30 years ago. It is now commonly accepted that a significant part of massive stars are born in multiple systems. One aspect that also emerged is that massive stars have on average at least two com- panions, i.e. they are triples. This immediately implies that a number of LBVs should have evolved as part of multiple systems. While some LBVs are confirmed as binaries, different methods were used to derive their multiplicity, with different results. We report on a systematic search for multiplicity using spec- troscopy, interferometry in a sample of 20 LBVs. Spectroscopy provides us with a bias-corrected binary fraction of 62+38-24 %, and a percentage of 50 − 70% is found from interferometry. This has a high impact on the way that these objects might be formed.</subfield>
  </datafield>
  <datafield tag="594" ind1=" " ind2=" ">
    <subfield code="a">NO</subfield>
  </datafield>
  <datafield tag="700" ind1=" " ind2=" ">
    <subfield code="a">Lanthermann, C.</subfield>
  </datafield>
  <datafield tag="700" ind1=" " ind2=" ">
    <subfield code="a">Gosset, E.</subfield>
  </datafield>
  <datafield tag="700" ind1=" " ind2=" ">
    <subfield code="a">Hutsemékers, D.</subfield>
  </datafield>
  <datafield tag="700" ind1=" " ind2=" ">
    <subfield code="a">Kluska, J.</subfield>
  </datafield>
  <datafield tag="700" ind1=" " ind2=" ">
    <subfield code="a">Lobel, A.</subfield>
  </datafield>
  <datafield tag="700" ind1=" " ind2=" ">
    <subfield code="a">Reggiani, M.</subfield>
  </datafield>
  <datafield tag="700" ind1=" " ind2=" ">
    <subfield code="a">Sana, H.</subfield>
  </datafield>
  <datafield tag="773" ind1=" " ind2=" ">
    <subfield code="p">Massive Stars Near and Far, Edited by J. Mackey, J.S. Vink and N. St-Louis. Proceedings of the International Astronomical Union, held 8-13 May 2022 in Ballyconnell, Ireland. Cambridge University Press, 2024</subfield>
    <subfield code="v">361</subfield>
    <subfield code="y">2024</subfield>
    <subfield code="c">273-278</subfield>
  </datafield>
  <datafield tag="856" ind1="0" ind2=" ">
    <subfield code="f">laurent.mahy@ksb-orb.be</subfield>
  </datafield>
  <datafield tag="856" ind1="4" ind2=" ">
    <subfield code="s">635778</subfield>
    <subfield code="u">http://publi2-as.oma.be/record/7431/files/Mahy_IAU361.pdf</subfield>
  </datafield>
  <datafield tag="856" ind1="4" ind2=" ">
    <subfield code="s">18647</subfield>
    <subfield code="u">http://publi2-as.oma.be/record/7431/files/Mahy_IAU361.gif?subformat=icon</subfield>
    <subfield code="x">icon</subfield>
  </datafield>
  <datafield tag="856" ind1="4" ind2=" ">
    <subfield code="s">22903</subfield>
    <subfield code="u">http://publi2-as.oma.be/record/7431/files/Mahy_IAU361.jpg?subformat=icon-180</subfield>
    <subfield code="x">icon-180</subfield>
  </datafield>
  <datafield tag="905" ind1=" " ind2=" ">
    <subfield code="a">published in</subfield>
  </datafield>
  <datafield tag="980" ind1=" " ind2=" ">
    <subfield code="a">NONREF</subfield>
  </datafield>
</record>
</collection>